000 00358 a2200169 4500
001 49860
020 _a9788526024830
040 _cAnchieta - Bela Vista
100 _aBelinky, Tatiana
240 1 0 _aQue jejum!
_lpor
245 1 0 _aQue jejum!
300 _a24
362 0 _a2019
440 1 _aGlobal
650 4 _aLiteratura infanto-juvenil
942 _cBK
999 _c49860
_d49860